[Event "Mumbai Mayors Cup 1st"]
[Site "Mumbai"]
[Date "2008.05.11"]
[Round "1"]
[White "Ravi, Prakash"]
[Black "Kundalia, Akshat"]
[Result "1-0"]
[WhiteElo "2310"]
[BlackElo "1717"]
[PlyCount "47"]
[EventDate "2008.05.11"]
[EventType "swiss"]
[EventRounds "11"]
[EventCountry "IND"]
[SourceTitle "CBM 124 Extra"]
[Source "ChessBase"]
[SourceDate "2008.07.03"]
[SourceVersion "1"]
[SourceVersionDate "2008.07.03"]
[SourceQuality "1"]

1. e4 a6 2. d4 b5 3. Nf3 Bb7 4. Bd3 d6 5. a4 Nd7 6. Nbd2 bxa4 7. Nc4 e6 8. Na5 Qc8 9. Rxa4 c5 10. Qe2 cxd4 11. Rb4 Qc5 12. Rxb7 Qxa5+ 13. b4 Qa1 14. 0-0 e5 15. Bc4 Qa4 16. b5 a5 17. b6 Qb4 18. Bb5 Ngf6 19. Bg5 Rd8 20. Bxf6 gxf6 21. Rxd7 Bh6 22. Rb7+ Kf8 23. Nxd4 exd4 24. Qh5 1-0